| 000 | 00461nam a2200181 4500 | ||
|---|---|---|---|
| 001 | 4857 | ||
| 005 | 20181127174300.0 | ||
| 008 | 010614s2001 ii 000 1 eng | ||
| 010 | _a 2001362519 | ||
| 020 | _a9780141005751 | ||
| 042 | _alcode | ||
| 100 | 1 | _aKakar, Sudhir. | |
| 245 | 1 | 0 |
_aEcstasy / _cSudhir Kakar. |
| 260 |
_aNew Delhi ; _aNew York, NY : _bPenguin Books, _c2002. |
||
| 300 |
_a251 p. ; _c23 cm. |
||
| 500 | _aNovel. | ||
| 650 |
_aFiction. _v _x _y _z _2 |
||
| 999 |
_c4037 _d4037 |
||